logo

Bir Sreshtho Munshi Abdur Rouf Library
Jhenaidah Cadet College

Freedom Struggle: (Record no. 14508)

MARC details
000 -LEADER
fixed length control field 00641nam a22002297a 4500
001 - CONTROL NUMBER
JCCL Control Number 14508
003 - CONTROL NUMBER IDENTIFIER
JCCL marc code BD-JhCC
005 - DATE AND TIME OF LATEST TRANSACTION
control field 20260126113826.0
008 - FIXED-LENGTH DATA ELEMENTS--GENERAL INFORMATION
fixed length control field 260126b |||||||| |||| 00| 0 eng d
020 ## - INTERNATIONAL STANDARD BOOK NUMBER
International Standard Book Number 9789840423767
035 ## - SYSTEM CONTROL NUMBER
system control number (BD-JhCC) 14508
040 ## - CATALOGING SOURCE
Original cataloging agency BD-JhCC
Modifying agency BD-JhCC
041 ## - LANGUAGE CODE
Language code of Book eng
082 ## - DEWEY DECIMAL CLASSIFICATION NUMBER
DDC Edition number 23
Classification number 954.035
Author mark and Year KAI 2019
100 ## - MAIN ENTRY--PERSONAL NAME
Personal name Kaiser,Panna
245 ## - TITLE STATEMENT
Title Freedom Struggle:
Remainder of title A prologue & An Epilogue /
Statement of responsibility, etc Panna Kaiser
260 ## - PUBLICATION, DISTRIBUTION, ETC. (IMPRINT)
Place of publication, distribution, etc Dhaka:
Name of publisher, distributor, etc Agamee Prakashani,
Date of publication, distribution, etc 2019
300 ## - PHYSICAL DESCRIPTION
Pagination 240p.;
Dimensions 22 cm.
Accompanying material Paper binding
650 ## - SUBJECT ADDED ENTRY--TOPICAL TERM
Topical term or geographic name as entry element General Social & Political Movements
650 ## - SUBJECT ADDED ENTRY--TOPICAL TERM
Topical term or geographic name as entry element History & Geography
942 ## - ADDED ENTRY ELEMENTS (KOHA)
Source of classification or shelving scheme Dewey Decimal Classification
Koha item type Books
Holdings
Source of classification or shelving scheme Damaged status Not for loan Collection code Home library Current library Shelving location Date of accession Cost, normal purchase price Total Checkouts Full call number Barcode Date last seen Copy number Method of acquisition Koha item type Currency
Dewey Decimal Classification     Non-fiction JCC Rouf Library JCC Rouf Library General Stacks 01/26/2026 690.00   954.035 KAI 2019 20317 01/26/2026 C-1 Purchase Books BDT
Dewey Decimal Classification     Non-fiction JCC Rouf Library JCC Rouf Library General Stacks 01/26/2026 690.00   954.035 KAI 2019 20318 01/26/2026 C-2 Purchase Books BDT

JCC Library | Contacts | JCC Home

Last Update on 23 September 2017
Copyright @ 2017-2020 JCC Rouf Library
Rouf Library, Jhenidah Cadet College (JCC), Bangladesh